| 000 | 00553nam a2200181Ia 4500 | ||
|---|---|---|---|
| 003 | GCL | ||
| 008 | 140319s9999 xx 000 0 ara d | ||
| 040 |
_aGCL / _cGCL |
||
| 082 | 0 | 4 |
_a823.03 _bل ذ |
| 100 | 1 | _aلندن، جاك | |
| 245 | 1 | 0 |
_aذئب البحار / _cلندن، جاك |
| 700 | 1 | _aعمران ابوحجله | |
| 300 | _a204 ص | ||
| 490 |
_aالهيئة العامة للاستعلامات _v0 |
||
| 650 | 0 | 4 | _aالقصص الامريكية المترجمة |
| 650 | 0 | 4 | _aالادب الامريكى المترجم |
| 942 |
_2ddc _cBK |
||
| 999 |
_c47458 _d47458 |
||